Catálogo - Centro de Recursos para el Aprendizaje y la Investigación
Volver al Sitio - CRAI Biblioteca| 000 -CABECERA | |
|---|---|
| campo de control de longitud fija | 02666nam a22003254 4500 |
| 001 - NÚMERO DE CONTROL | |
| campo de control | 107532 |
| 003 - IDENTIFICADOR DEL NÚMERO DE CONTROL | |
| campo de control | DR-UNIBE |
| 005 - FECHA Y HORA DE LA ÚLTIMA TRANSACCIÓN | |
| campo de control | 20221111113442.0 |
| 007 - CAMPO FIJO DE DESCRIPCIÓN FÍSICA--INFORMACIÓN GENERAL | |
| campo de control de longitud fija | cr nn 008mamaa |
| 008 - DATOS DE LONGITUD FIJA--INFORMACIÓN GENERAL | |
| campo de control de longitud fija | 200901b2014 sp |||||s|||| 00| 0 spa d |
| 020 ## - NÚMERO INTERNACIONAL ESTÁNDAR DEL LIBRO | |
| Número Internacional Estándar del Libro | 9788429131048 |
| 040 ## - FUENTE DE LA CATALOGACIÓN | |
| Centro catalogador/agencia de origen | BIBLIOTECA UNIBE |
| Centro/agencia transcriptor | BIBLIOTECA UNIBE |
| 041 ## - CÓDIGO DE LENGUA | |
| Código de lengua del texto/banda sonora o título independiente | spa |
| 100 1# - ENTRADA PRINCIPAL--NOMBRE DE PERSONA | |
| Nombre de persona | Mattos, Aldo D. |
| 9 (RLIN) | 39351 |
| Término indicativo de función/relación | autor |
| 100 1# - ENTRADA PRINCIPAL--NOMBRE DE PERSONA | |
| Nombre de persona | Valderrama, Fernando |
| Término indicativo de función/relación | autor |
| 9 (RLIN) | 98265 |
| 245 1# - MENCIÓN DE TÍTULO | |
| Título | Métodos de planificación y control de obras : del diagrama de barras al BIM |
| 260 ## - PUBLICACIÓN, DISTRIBUCIÓN, ETC. | |
| Lugar de publicación, distribución, etc. | Barcelona : |
| Nombre del editor, distribuidor, etc. | Reverté, |
| Fecha de publicación, distribución, etc. | 2014. |
| 300 ## - DESCRIPCIÓN FÍSICA | |
| Extensión | 311 páginas : |
| Otras características físicas | ilustraciones |
| 490 ## - MENCIÓN DE SERIE | |
| Mención de serie | Manuales universitarios de edificación, |
| Designación de volumen o secuencia | 4 |
| 500 ## - NOTA GENERAL | |
| Nota general | Recurso en línea:<br/>Disponible para miembros de UNIBE a través del portal web del CRAI: https://www.unibe.edu.do/biblioteca/libros-electronicos/ |
| 505 ## - NOTA DE CONTENIDO CON FORMATO | |
| Nota de contenido con formato | Capítulo I La importancia de la planificación |<br/> Capítulo II Desviaciones en tiempo y coste |<br/> Capítulo III Ciclo de vida del proyecto |<br/> Capítulo IV La estructura de desglose de trabajo |<br/> Capítulo V Duración de las actividades |<br/> Capítulo VI Definición de las precedencias |<br/> Capítulo VII Construcción del diagrama de red |<br/> Capítulo VIII Fechas y holguras |<br/> Capítulo IX El diagrama de barras |<br/> Capítulo X El enfoque probabilista |<br/> Capítulo XI Curvas S |<br/> Capítulo XII Recursos |<br/> Capítulo XIII Aceleración |<br/> Capítulo XIV Planificación financiera y analítica |<br/> Capítulo XV Seguimiento |<br/> Capítulo XVI Programación |<br/> Capítulo XVII Diagramas de espacio-tiempo |<br/> Capítulo XVIII Método del valor ganado EVM |<br/> Capítulo XIX Cadena crítica CCPM |<br/> Capítulo XX El futuro de la planificación y el BIM |<br/> |
| 520 ## - SUMARIO, ETC. | |
| Sumario, etc. | Este libro propone un recorrido por los métodos de planificación de los que disponen los profesionales de la construcción, desde los tradicionales PERT y CPM hasta las últimas teorías.. La obra resulta ser un compendio de los fundamentos de la planificación, y combina las experiencias y especialidades de los autores en la creación y divulgación de herramientas de control del presupuesto, sistemas productivos, actividades, tareas, recursos y duraciones, revelando la importancia de la planificación de las obras en la conquista de la productividad. |
| 650 ## - PUNTO DE ACCESO ADICIONAL DE MATERIA--TÉRMINO DE MATERIA | |
| Término de materia o nombre geográfico como elemento de entrada | Construcción |
| 9 (RLIN) | 7903 |
| Subdivisión general | Planificación |
| 650 ## - PUNTO DE ACCESO ADICIONAL DE MATERIA--TÉRMINO DE MATERIA | |
| Término de materia o nombre geográfico como elemento de entrada | Arquitectura |
| 9 (RLIN) | 139568 |
| 650 ## - PUNTO DE ACCESO ADICIONAL DE MATERIA--TÉRMINO DE MATERIA | |
| Término de materia o nombre geográfico como elemento de entrada | Construccion |
| Subdivisión general | Presupuestos |
| 9 (RLIN) | 139721 |
| 650 ## - PUNTO DE ACCESO ADICIONAL DE MATERIA--TÉRMINO DE MATERIA | |
| Término de materia o nombre geográfico como elemento de entrada | Gestión de proyectos |
| 9 (RLIN) | 139722 |
| 655 #4 - TÉRMINO DE INDIZACIÓN--GÉNERO/FORMA | |
| Datos o término principal de género/forma | Recurso electrónico |
| 9 (RLIN) | 42681 |
| 856 40 - LOCALIZACIÓN Y ACCESO ELECTRÓNICOS | |
| Identificador Uniforme del Recurso | <a href="http://ezproxy.unibe.edu.do/login?url=https://search.ebscohost.com/login.aspx?direct=true&scope=site&db=nlebk&db=nlabk&AN=2449722">http://ezproxy.unibe.edu.do/login?url=https://search.ebscohost.com/login.aspx?direct=true&scope=site&db=nlebk&db=nlabk&AN=2449722</a> |
| 942 ## - ELEMENTOS DE PUNTO DE ACCESO ADICIONAL (KOHA) | |
| Fuente del sistema de clasificación o colocación | Sistema de Clasificación Decimal Dewey |
| Tipo de ítem Koha | e-Libro (en línea) |
| Estado de retiro | Estado de pérdida | Fuente del sistema de clasificación o colocación | No para préstamo | Código de colección | Localización permanente | Fecha de adquisición | Total de préstamos | Código de barras | Fecha visto por última vez | Número de copia | Precio válido a partir de | Tipo de ítem Koha |
|---|---|---|---|---|---|---|---|---|---|---|---|---|
| Disponible | Sistema de Clasificación Decimal Dewey | e-Libro de Texto (en línea) | Biblioteca Central UNIBE | 01/06/2021 | EB0206 | 01/06/2021 | Ej. 1 | 01/06/2021 | e-Libro (en línea) |